Kabale University Library Catalogue

The principles of learning & behavior / (Record no. 5889)

MARC details
000 -LEADER
fixed length control field 00939cam a2200289 a 4500
003 - CONTROL NUMBER IDENTIFIER
control field OSt
005 - DATE AND TIME OF LATEST TRANSACTION
control field 20260129110254.0
008 - FIXED-LENGTH DATA ELEMENTS--GENERAL INFORMATION
fixed length control field 850305s1986 caua b 001 0 eng
020 ## - INTERNATIONAL STANDARD BOOK NUMBER
International Standard Book Number 0534052088
020 ## - INTERNATIONAL STANDARD BOOK NUMBER
International Standard Book Number 9780534052089
040 ## - CATALOGING SOURCE
Original cataloging agency KABLIB
Transcribing agency KABLIB
Language of cataloging eng.
Description conventions rda
082 00 - DEWEY DECIMAL CLASSIFICATION NUMBER
Classification number 150.1943
Edition number 23
Item number DOM
100 1# - MAIN ENTRY--PERSONAL NAME
Personal name Domjan, Michael,
Dates associated with a name 1947-
9 (RLIN) 14848
245 14 - TITLE STATEMENT
Title The principles of learning & behavior /
Statement of responsibility, etc. Michael Domjan, Barbara Burkhard.
246 3# - VARYING FORM OF TITLE
Title proper/short title Principles of learning and behavior
250 ## - EDITION STATEMENT
Edition statement 2nd ed.
260 ## - PUBLICATION, DISTRIBUTION, ETC.
Place of publication, distribution, etc. Monterey, Calif. :
Name of publisher, distributor, etc. Brooks/Cole Pub. Co.,
Date of publication, distribution, etc. c1986.
300 ## - PHYSICAL DESCRIPTION
Extent xvi, 365 p. :
Other physical details ill. ;
Dimensions 25 cm.
336 ## - CONTENT TYPE
Content type term text
Content type code txt
Source rdacontent
500 ## - GENERAL NOTE
General note Includes indexes.
504 ## - BIBLIOGRAPHY, ETC. NOTE
Bibliography, etc. note Bibliography: p. 324-349.
650 #0 - SUBJECT ADDED ENTRY--TOPICAL TERM
Topical term or geographic name entry element Conditioned response.
9 (RLIN) 10476
650 #0 - SUBJECT ADDED ENTRY--TOPICAL TERM
Topical term or geographic name entry element Learning, Psychology of.
9 (RLIN) 5133
650 #0 - SUBJECT ADDED ENTRY--TOPICAL TERM
Topical term or geographic name entry element Behaviorism (Psychology)
9 (RLIN) 14849
700 1# - ADDED ENTRY--PERSONAL NAME
Personal name Burkhard, Barbara,
Dates associated with a name 1947-
9 (RLIN) 14850
942 ## - ADDED ENTRY ELEMENTS (KOHA)
Source of classification or shelving scheme Dewey Decimal Classification
Koha item type Book
Holdings
Withdrawn status Lost status Source of classification or shelving scheme Damaged status Not for loan Home library Current library Shelving location Date acquired Source of acquisition Total Checkouts Full call number Barcode Date last seen Price effective from Koha item type
    Dewey Decimal Classification     Education Library Education Library Open Access Section 29.01.2026 donation   150.1943 DOM 14416 29.01.2026 29.01.2026 Book

Kabale University Library | Kabale University P.O Box 317, Kabale, Uganda
Tel : +256754017033, +256774661503 E-mail : library@kab.ac.ug